2017/18 Top 10 Midfielders in the World - Statistics

General Stats
  • This quiz has been taken 35 times
  • The average score is 6 of 10
Answer Stats
Rank Player % Correct
3 Luka Modric
96%
5 Toni Kroos
93%
2 Andres Iniesta
89%
8 Paul Pogba
79%
10 Ivan Rakitic
54%
6 Arturo Vidal
50%
4 David Silva
46%
1 Mesut Ozil
43%
9 Kevin De Bruyne
36%
7 Santi Cazorla
11%
No matching quizzes found
Score Distribution
Percent of People with Each Score
Percentile by Number Answered
Your Score History
You have not taken this quiz